| 000 | 00988cam a22001934a 4500 | ||
|---|---|---|---|
| 005 | 20250605164341.0 | ||
| 008 | 250528s ||||||||||||||||||||||||d | ||
| 035 | _a23614 | ||
| 040 |
_aGR-AtMCL _bgre _dGR-AtMCL _eAACR2 |
||
| 245 | 1 | _aLogistics και Πληροφοριακά Συστήματα στο Κλάδο των Ταχυμεταφορών/Μέλετη της Διαδικασίας Μεταφοράς και Διανομής της Επιχείρησης DHL Hellas | |
| 260 | _c2012 | ||
| 300 | _a31 | ||
| 520 | _aLogistics και Πληροφοριακά Συστήματα, ogistics και Ταχυμεταφορές, Μελέτη της Εταιρείας DHL Hellas στη Διαδικασία της Μεταφοράς και της Διανομής, Επίλογος, Βιβλιογραφία. | ||
| 700 | 1 |
_aΜαρεντάκης Χάρης _99203 |
|
| 700 | 1 |
_aΣαββοπούλου Νικολέττα _99204 |
|
| 942 | _cDS | ||
| 999 |
_c8614 _d8614 |
||